000 00626nam a2200217 a 4500
001 84177
003 BD-RjUL
005 20241028122455.0
008 241028r19471932enk||||| |||| 00| 0 eng d
035 _a(BD-RjUL)84177
040 _aBD-RjUL
_beng
_cBD-RjUL
041 _aeng
082 _223
_a822.9
_bSHD 1947
100 _aShaw, Bernard
245 _aThe doctor's dilemma :
_bGetting married, and The shewing-up of Blanco Posnet /
_cBernard Shaw
260 _aLondon :
_bConstable,
_c1932 [reprinted1947]
300 _a456 p. ;
_c20 cm.
650 _aMedical drama
_913955
650 _aGreat Britain
942 _2ddc
_cBK
999 _c84177
_d84177